Organic chemistry /

Guardado en:
Autor Principal: Bruice, Paula Yurkanis, 1941-
Formato: Libro
Idioma:English
Publicado: Harlow, Essex : Pearson, c2017.
Edición:8th ed., Global ed.
Materias:
Etiquetas: Agregar Etiqueta
Sin Etiquetas, Sea el primero en etiquetar este registro!
LEADER 00727nam a22002175a 4500
001 EUN.eunm007404
005 20180612090820.0
008 180612s2017####enka#####b####000#0#eng#d
020 |a 1292160349 
020 |a 9781292160344 (ISBN-13) 
082 0 4 |a 547  |2 21 
100 1 |a Bruice, Paula Yurkanis,  |d 1941- 
245 1 0 |a Organic chemistry /  |c Paula Yurkanis Bruice. 
250 |a 8th ed., Global ed. 
260 |a Harlow, Essex :  |b Pearson,  |c c2017. 
300 |a 1336 p. :  |b il. ;  |c 28 cm. 
500 |a Incluye índice. 
650 7 |a Química.  |2 unbist 
650 7 |a Química orgánica.  |2 unbist 
859 |a AR-BaUNS  |b BIB. CENTRAL - Sector A  |h 547  |i B834a8  |p 126586/018 
859 |a AR-BaUNS  |b BIB. CENTRAL - Sector A  |h 547  |i B834a8  |p 126587/018  |t Ej.2